000 01005cam a2200313 4500
008 090401t1996 xxu||||| |||| 00| 0 eng d
020 _a0728202662
035 _a(Sirsi) u35455
041 _aeng
050 _a333.33025
245 _aUK top property occupiers 1996: key contacts in 25,000 companies.
260 _aLondon
_bEstates Gazette
_c1996
300 _aix,972p. ; 30cm.
350 _a125
520 _aCompiled by Executive Information Research Ltd. Includes separate listings of the top 100 surveying firms, local authorities and development agencies.
650 _aPROPERTY-COMMERCIAL PROPERTY
650 _aDEVELOPMENT AGENCIES
650 _aDIRECTORIES
650 _aINDUSTRIAL PROPERTY
650 _aLOCAL AUTHORITIES
650 _aPROPERTY CONTACTS
650 _aPROPERTY OCCUPIERS
650 _aRETAIL PROPERTY
650 _aSURVEYING FIRMS
650 _aUK TOP PROPERTY OCCUPIERS
690 _aPROPERTY-COMMERCIAL PROPERTY
942 _n0
948 _c04/03/1997
999 _c90116
_d90116